000 00827nam a2200241 4500
003 MX-MxINE
005 20260601193906.0
008 260520b2014 mx a|||| |||| 00| 0 spa d
040 _aICI
_bspa
_cICI
_erda
041 _aspa
050 _aPN6790.M482
_b F35
100 1 _aArriaga Celis, Enrique / Estrada Silva Inés
_eRecopiladores
_934508
245 _aFanzinología mexicana :
_b1985-2015 /
_crecopiladores Inés Estrada, Enrique Arriaga
264 _aCiudad de México :
_bUniversidad Nacional Autónoma de México,
_c2014
300 _a169 páginas :
_bilustraciones
336 _2rdacontent
_atexto
337 _2rdamedia
_asin medio
338 _2rdacarrier
_avolumen
650 _aFanzines
_934509
700 _aEstrada, Inés,
_eeditor
_934510
700 _aArriaga, Enrique,
_eeditor
_934511
942 _2lcc
_n1
_cB
999 _c22407
_d22407